| 000 | 01182nam a22003497a 4500 | ||
|---|---|---|---|
| 999 |
_c13296 _d13296 |
||
| 003 | MIRAKIL | ||
| 005 | 20190611121721.0 | ||
| 008 | 190611b tu ||||| |||| 00| 0 tur d | ||
| 035 | _a20944 | ||
| 040 |
_aMilas _btur _cTR-AnCHP |
||
| 041 | _atur | ||
| 082 |
_aCHP 320.715 _bC36s 2019 |
||
| 090 | _aBROŞÜR 241 | ||
| 110 | _aCumhuriyet Halk Partisi (CHP) | ||
| 245 |
_aSandık başı el kitapçığı : _bMahalli idareler seçimleri 2019 / _cCumhuriyet Halk Partisi Hukuk Politikalarından Sorumlu Genel Başkan Yardımcılığı. |
||
| 246 | _aMahalli idareler seçimleri 2019 | ||
| 246 | _aMartın sonu bahar | ||
| 260 |
_aAnkara : _bCHP , _c2019 . |
||
| 300 |
_a88 s. _c19 sm. |
||
| 440 | _aCumhuriyet Halk Partisi | ||
| 610 |
_aCumhuriyet Halk Partisi (CHP) _xEğitim _ySandık çevresi |
||
| 610 |
_aCHP _xYerel seçimler, 2019 _xSandık eğitimi |
||
| 740 | _aMahalli idareler seçimleri | ||
| 740 | _aMartın sonu bahar | ||
| 830 | _aCHP yayınları | ||
| 856 | _zDijital Nüshası için Partimizin Kütüphane Sorumlusu ile iletişime geçiniz. | ||
| 942 |
_2ddc _cVIS |
||
| 999 | _d13296 | ||
| 999 | _d13295 | ||
| 999 | _d665 | ||